[Event "Junior Online 4NCL Division 5"]
[Site "online"]
[Date "2020.06.04"]
[Round "8.21"]
[White "Sharan, Kartike"]
[Black "Luo, Yifan"]
[Result "1-0"]
[WhiteElo "1140"]
[BlackElo "1592"]
[PlyCount "49"]
[EventDate "2020.06.04"]
[WhiteTeam "Phones Junior A"]
[BlackTeam "KJCA Young Kestrels E"]

1. e4 c5 2. Bc4 e6 3. Nc3 Ne7 4. d3 d5 5. exd5 exd5 6. Bb3 d4 7. Nce2 Ng6 8.
Ng3 Be7 9. Nf3 O-O 10. O-O Nd7 11. c3 dxc3 12. bxc3 Nf6 13. Re1 Bg4 14. h3 Bxf3
15. Qxf3 Qd7 16. Bg5 Rfd8 17. Rad1 h6 18. Bxf6 Bxf6 19. Nh5 Bxc3 20. Re3 Bd4
21. Re4 Ne5 22. Qg3 Nxd3 23. Rxd3 g6 24. Rexd4 Qe7 25. Qxg6+ 1-0

[Event "Junior Online 4NCL Division 5"]
[Site "online"]
[Date "2020.06.04"]
[Round "8.22"]
[White "Zhao, Wenyi"]
[Black "Vadalia, Jainill"]
[Result "0-1"]
[WhiteElo "1547"]
[BlackElo "1123"]
[PlyCount "70"]
[EventDate "2020.06.04"]
[WhiteTeam "KJCA Young Kestrels E"]
[BlackTeam "Phones Junior A"]

1. d4 Nf6 2. c4 e6 3. a3 d5 4. Nc3 c5 5. Nf3 Nc6 6. Bg5 dxc4 7. e3 cxd4 8. Nxd4
Nxd4 9. exd4 Be7 10. Bxc4 O-O 11. O-O Qc7 12. Bb3 Bd7 13. Bc2 h6 14. Bh4 Rac8
15. Qd3 Qc4 16. Qd2 Rfd8 17. Rac1 Bc6 18. Ne2 Qd5 19. f3 Bb5 20. Bd3 Bxd3 21.
Qxd3 a6 22. Rfd1 Qh5 23. Bg3 Nd5 24. Nc3 Nxc3 25. bxc3 Bxa3 26. Rb1 Qd5 27. Bh4
Rd7 28. Rb6 Rdc7 29. Be1 e5 30. Rdb1 exd4 31. cxd4 Bc5 32. R6b3 Qxd4+ 33. Qxd4
Bxd4+ 34. Bf2 Rc1+ 35. Rxc1 Rxc1# 0-1

[Event "Junior Online 4NCL Division 5"]
[Site "online"]
[Date "2020.06.04"]
[Round "8.23"]
[White "Lukhi, Neev"]
[Black "Gaekwad, Ankit"]
[Result "0-1"]
[WhiteElo "969"]
[BlackElo "1450"]
[PlyCount "182"]
[EventDate "2020.06.04"]
[WhiteTeam "Phones Junior A"]
[BlackTeam "KJCA Young Kestrels E"]

1. e4 e6 2. d4 d5 3. e5 c5 4. c3 Nc6 5. Nf3 Qb6 6. Be2 Bd7 7. O-O f6 8. Qb3
fxe5 9. dxe5 Nge7 10. Be3 Ng6 11. Nbd2 Ngxe5 12. Nxe5 Nxe5 13. Bf4 Ng6 14. Bg3
Be7 15. Qxb6 axb6 16. Rfe1 O-O 17. Bg4 Rf6 18. a3 Re8 19. Re2 Bd8 20. Rae1 b5
21. Nf3 Bb6 22. Ne5 Nxe5 23. Bxe5 Rf7 24. Bg3 c4 25. Bxe6 Bxe6 26. Rxe6 Rxe6
27. Rxe6 Bc5 28. Re8+ Rf8 29. Re5 Rd8 30. Bh4 Rd7 31. h3 Kf7 32. Rf5+ Kg6 33.
Rg5+ Kf7 34. Rf5+ Ke6 35. Rh5 g6 36. Rg5 Be7 37. Rg4 Bxh4 38. Rxh4 Kf5 39. g4+
Ke5 40. g5 b6 41. Kg2 Kf5 42. Rg4 Re7 43. Kg3 Re2 44. Rh4 Rxb2 45. Rxh7 Kxg5
46. f4+ Kf5 47. Rf7+ Ke6 48. Rb7 Rb3 49. Rxb6+ Kf5 50. Rb8 Rxc3+ 51. Kg2 Rb3
52. Rf8+ Ke6 53. Re8+ Kf7 54. Re5 d4 55. f5 g5 56. Re4 d3 57. Re1 Rxa3 58. Rd1
b4 59. Kf2 Kf6 60. Ke3 b3 61. Kd4 Ra4 62. Kc3 Kxf5 63. Rf1+ Kg6 64. Rd1 Kh5 65.
Re1 Kh4 66. Re5 g4 67. hxg4 Kxg4 68. Re4+ Kf5 69. Rh4 Ke5 70. Rh2 Ke4 71. Rh3
Kd5 72. Rh4 d2 73. Kxd2 c3+ 74. Kxc3 Rxh4 75. Kxb3 Kc5 76. Ka3 Kb5 77. Kb2 Rh3
78. Kc2 Kc4 79. Kd2 Kd4 80. Ke2 Ke4 81. Kf2 Ra3 82. Kg2 Kf4 83. Kh2 Kg4 84. Kg1
Ra2 85. Kf1 Kf3 86. Ke1 Ke3 87. Kd1 Kd3 88. Kc1 Kc3 89. Kb1 Rh2 90. Ka1 Kb3 91.
Kb1 Rh1# 0-1

[Event "Junior Online 4NCL Division 5"]
[Site "online"]
[Date "2020.06.04"]
[Round "8.24"]
[White "Heard, Tom"]
[Black "Anbu, Rajkumar"]
[Result "1-0"]
[WhiteElo "1517"]
[BlackElo "813"]
[PlyCount "155"]
[EventDate "2020.06.04"]
[WhiteTeam "KJCA Young Kestrels E"]
[BlackTeam "Phones Junior A"]

1. e4 e5 2. Nf3 Nc6 3. Bc4 Nf6 4. d3 h6 5. c3 Bc5 6. Nbd2 Ng4 7. O-O Nxf2 8.
Rxf2 Bxf2+ 9. Kxf2 d6 10. Nf1 Qf6 11. Ng3 Bg4 12. h3 Bxf3 13. Qxf3 Qxf3+ 14.
Kxf3 O-O 15. Nf5 Kh7 16. g4 g6 17. Ng3 Ne7 18. h4 f5 19. gxf5 gxf5 20. Be6
fxe4+ 21. Kxe4 Rf6 22. Bf5+ Nxf5 23. Nxf5 c6 24. Be3 Rg8 25. Bxa7 Rg4+ 26. Kf3
h5 27. Rg1 Rxf5+ 28. Ke2 Rxg1 29. Bxg1 d5 30. d4 exd4 31. Bxd4 Rf4 32. b4 Rxh4
33. Kf3 Re4 34. a4 h4 35. a5 h3 36. Kg3 Re1 37. Kxh3 Kg6 38. Kg4 Re4+ 39. Kf3
Kf5 40. Kg3 Re8 41. Kf3 Ke6 42. Kf4 Kd6 43. Kf5 Rc8 44. Kf6 Rf8+ 45. Kg7 Re8
46. Kf7 Re4 47. Kf6 Rf4+ 48. Kg5 Rf1 49. Kg6 Ke6 50. Kg7 Ke7 51. Kg8 Rf4 52.
Kg7 Rf3 53. Kg6 Ke6 54. Kg5 Rf5+ 55. Kg6 Rf8 56. Kg7 Ra8 57. Bb6 Kf5 58. Kf7
Ke4 59. Ke7 Kd3 60. Bd4 c5 61. bxc5 Rxa5 62. Kd6 Kc4 63. Kc7 b5 64. cxb6 Kb5
65. b7 Ra6 66. b8=Q+ Kc4 67. Qb4+ Kd3 68. Qb5+ Ke4 69. Qxa6 Kf5 70. Qf6+ Kg4
71. Qe6+ Kg3 72. Qxd5 Kg4 73. Qf7 Kg5 74. Qf6+ Kg4 75. Be5 Kh3 76. Qg7 Kh4 77.
Qg6 Kh3 78. Qg3# 1-0

[Event "Junior Online 4NCL Division 5"]
[Site "online"]
[Date "2020.06.04"]
[Round "8.25"]
[White "Luo, Yifan"]
[Black "Sharan, Kartike"]
[Result "0-1"]
[WhiteElo "1592"]
[BlackElo "1140"]
[PlyCount "104"]
[EventDate "2020.06.04"]
[WhiteTeam "KJCA Young Kestrels E"]
[BlackTeam "Phones Junior A"]

1. d4 d5 2. c4 c6 3. e3 Bf5 4. Nf3 Nf6 5. cxd5 cxd5 6. Bb5+ Nc6 7. Ne5 Bd7 8.
Nxd7 Qxd7 9. Nd2 e6 10. Nf3 Bb4+ 11. Bd2 Bxd2+ 12. Qxd2 O-O 13. Ne5 Qc7 14.
Bxc6 bxc6 15. O-O Nd7 16. Nxd7 Qxd7 17. Rac1 Rac8 18. Rc2 Rc7 19. Rfc1 Rb8 20.
b3 Qd6 21. Qe2 Rbc8 22. Rc5 Rb8 23. Qa6 Rb6 24. Qa4 a6 25. b4 Kf8 26. a3 Ke8
27. Qc2 Kd7 28. Qxh7 Qf8 29. Qd3 Qa8 30. Qh7 Qf8 31. Qd3 Qa8 32. Qd2 Rb5 33. a4
Rxc5 34. Rxc5 Rb7 35. Rc2 Rb6 36. a5 Rb5 37. Qc3 Qb7 38. Rb2 Kd6 39. Kf1 Kd7
40. Ke2 Qb8 41. g3 Qh8 42. h4 Qh5+ 43. f3 g5 44. Rc2 Ke7 45. Qxc6 gxh4 46. Qxa6
Rxb4 47. Qa7+ Kf6 48. g4 Qh7 49. Qc5 Rb1 50. Rc1 Rb2+ 51. Kd1 Qd3+ 52. Ke1 Qe2#
0-1

[Event "Junior Online 4NCL Division 5"]
[Site "online"]
[Date "2020.06.04"]
[Round "8.26"]
[White "Vadalia, Jainill"]
[Black "Zhao, Wenyi"]
[Result "1-0"]
[WhiteElo "1123"]
[BlackElo "1547"]
[PlyCount "53"]
[EventDate "2020.06.04"]
[WhiteTeam "Phones Junior A"]
[BlackTeam "KJCA Young Kestrels E"]

1. d4 d5 2. c4 e6 3. Nf3 c5 4. e3 Nc6 5. Nc3 Qb6 6. Be2 Nge7 7. O-O Nf5 8. cxd5
exd5 9. Nxd5 Qd8 10. dxc5 Bxc5 11. Nc3 Nd6 12. Qc2 Bf5 13. e4 Bg6 14. Rd1 O-O
15. Bf4 Qe7 16. Nd5 Qxe4 17. Qxc5 Nf5 18. Bd3 Qe6 19. Re1 Qd7 20. Bxf5 Bxf5 21.
Rad1 Be6 22. Nf6+ gxf6 23. Rxd7 Bxd7 24. Bh6 Rfd8 25. Qc3 Bg4 26. Qxf6 Bxf3 27.
Qg7# 1-0

[Event "Junior Online 4NCL Division 5"]
[Site "online"]
[Date "2020.06.04"]
[Round "8.27"]
[White "Gaekwad, Ankit"]
[Black "Lukhi, Neev"]
[Result "1-0"]
[WhiteElo "1450"]
[BlackElo "969"]
[PlyCount "153"]
[EventDate "2020.06.04"]
[WhiteTeam "KJCA Young Kestrels E"]
[BlackTeam "Phones Junior A"]

1. d4 Nf6 2. Bf4 g6 3. e3 Bg7 4. Nf3 d6 5. Nbd2 O-O 6. Bd3 Nc6 7. c4 Nb4 8. Be2
Bf5 9. O-O c5 10. a3 Nc6 11. d5 Nb8 12. h3 Qd7 13. Nh4 h6 14. Nxf5 Qxf5 15. Nf3
g5 16. Bh2 a5 17. Bd3 Qd7 18. a4 Na6 19. Ne1 Nb4 20. Be2 b6 21. Nd3 Rac8 22.
Re1 Qb7 23. Bf3 Nh7 24. Rb1 Qa6 25. b3 Bc3 26. Re2 Nxd3 27. Qxd3 Bg7 28. e4
Rfd8 29. Qc2 Qb7 30. e5 Qa6 31. exd6 exd6 32. Rbe1 Bf6 33. Bg4 Rc7 34. Re8+
Rxe8 35. Rxe8+ Kg7 36. Bxd6 Ra7 37. Bf5 Ra8 38. Rxa8 Qxa8 39. Bxh7 Qe8 40. Be4
Bd4 41. Bg3 Be5 42. Bxe5+ Qxe5 43. Qe2 Qa1+ 44. Kh2 Qc3 45. Qc2 Qxc2 46. Bxc2
Kf6 47. Kg3 Ke5 48. h4 f5 49. hxg5 hxg5 50. f3 f4+ 51. Kg4 Kf6 52. g3 fxg3 53.
Kxg3 Ke5 54. Kg4 Kf6 55. f4 gxf4 56. Kxf4 Ke7 57. Ke5 Kd7 58. Bf5+ Ke8 59. Kd6
Kd8 60. Kc6 Ke8 61. Kxb6 Ke7 62. Kxc5 Kd8 63. Kb5 Kc7 64. c5 Kd8 65. c6 Kc7 66.
Kxa5 Kd6 67. b4 Kxd5 68. c7 Kd4 69. c8=Q Ke3 70. Bh7 Kd4 71. b5 Ke3 72. b6 Kd4
73. b7 Ke3 74. b8=Q Kf2 75. Qc3 Ke2 76. Qbb2+ Kf1 77. Qcc1# 1-0

[Event "Junior Online 4NCL Division 5"]
[Site "online"]
[Date "2020.06.04"]
[Round "8.28"]
[White "Anbu, Rajkumar"]
[Black "Heard, Tom"]
[Result "0-1"]
[WhiteElo "813"]
[BlackElo "1517"]
[PlyCount "52"]
[EventDate "2020.06.04"]
[WhiteTeam "Phones Junior A"]
[BlackTeam "KJCA Young Kestrels E"]

1. e4 e5 2. Nf3 Nc6 3. Bc4 Nf6 4. d3 h6 5. Nc3 Bc5 6. O-O O-O 7. h3 d6 8. Nd5
Nxd5 9. Bxd5 Be6 10. Bxc6 bxc6 11. Be3 Bb6 12. d4 exd4 13. Nxd4 d5 14. Nxc6 Qd6
15. exd5 Bxd5 16. Nd4 Qg6 17. g3 Qe4 18. f3 Qxe3+ 19. Kh1 Bxd4 20. c3 Bb6 21.
Qxd5 Rad8 22. Qc4 Rd2 23. Rae1 Qg5 24. g4 Qh4 25. Qf4 Qxh3+ 26. Qh2 Rxh2# 0-1

[Event "Junior Online 4NCL Division 5"]
[Site "online"]
[Date "2020.06.04"]
[Round "8.31"]
[White "Liu, Wenle"]
[Black "Dholakia, Kanish"]
[Result "1-0"]
[WhiteElo "1069"]
[BlackElo "771"]
[PlyCount "77"]
[EventDate "2020.06.04"]
[WhiteTeam "St Benildus 1"]
[BlackTeam "Phones Junior B"]

1. e4 e5 2. Nf3 Nc6 3. Bc4 Nf6 4. Ng5 d5 5. exd5 Nxd5 6. Nxf7 Kxf7 7. Qf3+ Ke6
8. Nc3 Nce7 9. O-O c6 10. Re1 Kd6 11. Ne4+ Kc7 12. Ng5 Qd7 13. Nf7 Rg8 14. Nxe5
Qf5 15. Qg3 Kd8 16. d4 h6 17. Bd3 Qe6 18. Qf3 g5 19. Nf7+ Ke8 20. Rxe6 Bxe6 21.
Ne5 Bg7 22. Qh5+ Kd8 23. Nf7+ Kd7 24. Ne5+ Bxe5 25. dxe5 Nf4 26. Bxf4 gxf4 27.
Rd1 Kc7 28. Qxh6 Bd5 29. Qd6+ Kb6 30. Qb4+ Kc7 31. Qxe7+ Kb6 32. Bf1 Rae8 33.
Qf6 Ref8 34. Qe7 f3 35. g3 Rf7 36. Qd6 Rh8 37. Rxd5 Rfh7 38. Rb5+ Ka6 39. Qa3#
1-0

[Event "Junior Online 4NCL Division 5"]
[Site "online"]
[Date "2020.06.04"]
[Round "8.32"]
[White "Benson, Alice"]
[Black "Hand, Joseph"]
[Result "0-1"]
[WhiteElo "740"]
[BlackElo "1092"]
[PlyCount "116"]
[EventDate "2020.06.04"]
[WhiteTeam "Phones Junior B"]
[BlackTeam "St Benildus 1"]

1. d4 d5 2. Bf4 Nc6 3. e3 Nf6 4. c3 Bf5 5. Nf3 e6 6. Bb5 Bd6 7. Bxd6 Qxd6 8.
Ne5 O-O 9. O-O Nxe5 10. dxe5 Qxe5 11. Nd2 Ng4 12. Nf3 Qd6 13. h3 Ne5 14. Nxe5
Qxe5 15. Qe2 c6 16. Ba4 b5 17. Bc2 Bxc2 18. Qxc2 a5 19. Rfe1 Rfd8 20. b4 axb4
21. cxb4 Qd6 22. a3 Rdc8 23. Qb3 c5 24. bxc5 Rxc5 25. Rec1 g6 26. Rxc5 Qxc5 27.
Qb2 h5 28. Rc1 Qxa3 29. Qxa3 Rxa3 30. Rc5 Rb3 31. Kf1 Kg7 32. Ke2 Kf6 33. Kd2
Rb2+ 34. Ke1 Ke5 35. Rc7 f6 36. Rb7 Ke4 37. Rb6 Kd3 38. f3 Kxe3 39. Rxe6+ Kd4
40. Rxf6 Rxg2 41. Kf1 Rg5 42. Rb6 Kc4 43. Kf2 d4 44. Rc6+ Kd3 45. Rb6 Kd2 46.
Rd6 d3 47. Rd4 Re5 48. Kf1 Re1+ 49. Kf2 Re2+ 50. Kf1 Ke3 51. Rb4 d2 52. Rb1
Kxf3 53. Rd1 Rf2+ 54. Kg1 Re2 55. Kf1 b4 56. Rb1 b3 57. Rd1 Rh2 58. Rb1 Rh1#
0-1

[Event "Junior Online 4NCL Division 5"]
[Site "online"]
[Date "2020.06.04"]
[Round "8.33"]
[White "Bueckert, Diana"]
[Black "Kumar, Kabir"]
[Result "1/2-1/2"]
[WhiteElo "965"]
[BlackElo "729"]
[PlyCount "103"]
[EventDate "2020.06.04"]
[WhiteTeam "St Benildus 1"]
[BlackTeam "Phones Junior B"]

1. d4 d5 2. Nf3 Nc6 3. c4 Nf6 4. e3 Bg4 5. h3 Bh5 6. Nc3 e6 7. cxd5 exd5 8. Be2
Bb4 9. Qb3 Bxc3+ 10. Qxc3 Ne4 11. Qb3 Rb8 12. O-O O-O 13. Qc2 Bg6 14. Bd3 Re8
15. b3 Nb4 16. Qe2 Nxd3 17. Qxd3 Ng3 18. Qd1 Nxf1 19. Qxf1 c6 20. Ne5 Qf6 21.
Nd7 Qe7 22. Nxb8 Rxb8 23. Bb2 Be4 24. f3 Bg6 25. Qf2 Re8 26. Re1 f5 27. Bc1 Bh5
28. Bd2 Qa3 29. Bc1 Qe7 30. Qd2 Qg5 31. f4 Qg6 32. Qf2 Qe6 33. Kh1 Qh6 34. Qg3
Qg6 35. Qxg6 Bxg6 36. g4 h5 37. g5 Bf7 38. Ba3 g6 39. Bc5 b6 40. Bd6 Rd8 41.
Be5 Re8 42. Rc1 Rc8 43. b4 b5 44. Ra1 Ra8 45. a4 bxa4 46. Rxa4 Be8 47. Ra5 a6
48. Bd6 Kf7 49. Bc5 Ke6 50. Ra1 Kd7 51. Kg2 Kc7 52. Kf2 1/2-1/2

[Event "Junior Online 4NCL Division 5"]
[Site "online"]
[Date "2020.06.04"]
[Round "8.34"]
[White "Srivastava, Aditya"]
[Black "Bueckert, Lucy"]
[Result "1-0"]
[WhiteElo "654"]
[BlackElo "819"]
[PlyCount "37"]
[EventDate "2020.06.04"]
[WhiteTeam "Phones Junior B"]
[BlackTeam "St Benildus 1"]

1. e4 d5 2. exd5 Nf6 3. d4 Bg4 4. Be2 Bxe2 5. Nxe2 Qxd5 6. Nbc3 Qxg2 7. Ng3 e6
8. Bf4 Bb4 9. Qd3 Bxc3+ 10. Qxc3 Ne4 11. Nxe4 Qxh1+ 12. Kd2 Qxa1 13. Qxc7 O-O
14. Bd6 Re8 15. Ng5 Na6 16. Qxf7+ Kh8 17. Be5 Rg8 18. Qh5 h6 19. Qxh6# 1-0

[Event "Junior Online 4NCL Division 5"]
[Site "online"]
[Date "2020.06.04"]
[Round "8.35"]
[White "Dholakia, Kanish"]
[Black "Liu, Wenle"]
[Result "0-1"]
[WhiteElo "771"]
[BlackElo "1069"]
[PlyCount "46"]
[EventDate "2020.06.04"]
[WhiteTeam "Phones Junior B"]
[BlackTeam "St Benildus 1"]

1. e4 e5 2. Nf3 Nc6 3. Nc3 Bc5 4. Bc4 Nf6 5. d3 h6 6. Be3 Bb6 7. Bxb6 axb6 8.
h3 d6 9. a3 Be6 10. Nd5 O-O 11. O-O Bd7 12. Qd2 Nxd5 13. exd5 Ne7 14. Rfe1 Ng6
15. d4 exd4 16. Nxd4 Qf6 17. Nf3 Bxh3 18. g3 Qxf3 19. Bf1 Bxf1 20. Rxf1 Rfe8
21. Rfe1 Re5 22. c4 Rh5 23. Qe3 Rh1# 0-1

[Event "Junior Online 4NCL Division 5"]
[Site "online"]
[Date "2020.06.04"]
[Round "8.36"]
[White "Hand, Joseph"]
[Black "Benson, Alice"]
[Result "0-1"]
[WhiteElo "1092"]
[BlackElo "740"]
[PlyCount "90"]
[EventDate "2020.06.04"]
[WhiteTeam "St Benildus 1"]
[BlackTeam "Phones Junior B"]

1. e4 c6 2. f4 d5 3. e5 Bf5 4. d4 e6 5. Bd3 Bxd3 6. Qxd3 c5 7. Qb5+ Nc6 8. dxc5
Qa5+ 9. Qxa5 Nxa5 10. b4 Nc4 11. Nf3 a5 12. c3 Ne7 13. Na3 axb4 14. Nxc4 dxc4
15. cxb4 Nf5 16. O-O Rb8 17. Bb2 b6 18. c6 Bxb4 19. Rfc1 b5 20. a4 bxa4 21.
Rxa4 Bc5+ 22. Kf1 Rxb2 23. Ra8+ Ke7 24. Rxh8 Ne3+ 25. Ke1 Bb4+ 26. Nd2 Bxd2+
27. Ke2 Bxc1+ 28. Kf3 Nd5 29. Ra8 Rb6 30. Ra7+ Ke8 31. Ra8+ Ke7 32. Ra7+ Kd8
33. Ra8+ Kc7 34. Ra7+ Kxc6 35. Rxf7 Rb7 36. Rf8 h6 37. Rc8+ Kb5 38. Re8 Re7 39.
Rb8+ Ka4 40. Ra8+ Kb3 41. Rb8+ Kc3 42. Ke4 Kd2 43. Ra8 c3 44. Ra2+ c2 45. Ra4
Nc3+ 0-1

[Event "Junior Online 4NCL Division 5"]
[Site "online"]
[Date "2020.06.04"]
[Round "8.37"]
[White "Kumar, Kabir"]
[Black "Bueckert, Diana"]
[Result "0-1"]
[WhiteElo "729"]
[BlackElo "965"]
[PlyCount "144"]
[EventDate "2020.06.04"]
[WhiteTeam "Phones Junior B"]
[BlackTeam "St Benildus 1"]

1. d4 Nf6 2. c4 e6 3. Nc3 Bb4 4. Qb3 Nc6 5. Bg5 Nxd4 6. Qd1 c5 7. e3 Nc6 8. Bd3
Bxc3+ 9. bxc3 h6 10. Bh4 O-O 11. Bc2 e5 12. Qd3 g6 13. Qd1 Na5 14. Qf3 Kg7 15.
Bd3 Re8 16. Ne2 e4 17. Bxe4 Nxc4 18. Qg3 Rxe4 19. O-O Rg4 20. Qxg4 Nxg4 21.
Bxd8 d5 22. Rad1 Be6 23. Nf4 Rxd8 24. Nxe6+ fxe6 25. e4 Nb6 26. exd5 exd5 27.
Rfe1 Kf8 28. Re6 Kf7 29. Rde1 Rd7 30. f3 Nf6 31. g4 Nc8 32. f4 Re7 33. Rxe7+
Nxe7 34. g5 hxg5 35. fxg5 Ne4 36. Rf1+ Kg7 37. Rb1 b6 38. h4 Nxc3 39. Re1 Nf5
40. Re5 d4 41. Kf2 Nxa2 42. Rd5 Nxh4 43. Rd7+ Kf8 44. Rxa7 Nc3 45. Ra8+ Ke7 46.
Ra7+ Kd6 47. Rh7 Nf5 48. Rb7 Kc6 49. Rb8 b5 50. Rc8+ Kd5 51. Rg8 Nh4 52. Kg3
Nf5+ 53. Kf4 Ne3 54. Rxg6 Ng2+ 55. Kg3 d3 56. Rh6 d2 57. g6 d1=Q 58. Rh5+ Kc4
59. Rg5 Qd3+ 60. Kxg2 Qe4+ 61. Kg3 Ne2+ 62. Kh3 Nf4+ 63. Kg4 Nxg6+ 64. Kh5 Nf4+
65. Kg4 Ne6+ 66. Kh5 Nxg5 67. Kxg5 Qf3 68. Kg6 Kd5 69. Kh6 Qg3 70. Kh5 Ke5 71.
Kh6 Kf6 72. Kh5 Qg5# 0-1

[Event "Junior Online 4NCL Division 5"]
[Site "online"]
[Date "2020.06.04"]
[Round "8.38"]
[White "Bueckert, Lucy"]
[Black "Srivastava, Aditya"]
[Result "1-0"]
[WhiteElo "819"]
[BlackElo "654"]
[PlyCount "135"]
[EventDate "2020.06.04"]
[WhiteTeam "St Benildus 1"]
[BlackTeam "Phones Junior B"]

1. f4 d5 2. Nf3 Bf5 3. e3 e6 4. Be2 Nc6 5. O-O Be7 6. b3 Bf6 7. d4 Nge7 8. Bb2
Qd7 9. Ne5 Bxe5 10. fxe5 h6 11. Nd2 O-O 12. Qe1 Ng6 13. Bh5 Bxc2 14. e4 dxe4
15. Nxe4 Bxe4 16. Qxe4 Nge7 17. Bd1 Nf5 18. Bc2 Ncxd4 19. Bxd4 Qxd4+ 20. Qxd4
Nxd4 21. Be4 c6 22. Rad1 Nb5 23. Rf3 Rad8 24. Rxd8 Rxd8 25. Rg3 Rd1+ 26. Kf2
Rd2+ 27. Kg1 g6 28. Bxg6 fxg6 29. Rxg6+ Kh7 30. Rxe6 Rxa2 31. Re7+ Kg6 32. Rxb7
Kf5 33. Rf7+ Kxe5 34. Rh7 Ra1+ 35. Kf2 Ra2+ 36. Kg1 Nd4 37. Rxh6 Ne2+ 38. Kf1
Kd5 39. Rh5+ Kd6 40. Rh6+ Kc7 41. Rh7+ Kb6 42. Re7 Nd4 43. Re3 Ra3 44. h4 Rxb3
45. Rxb3+ Nxb3 46. h5 Nd4 47. h6 a5 48. h7 a4 49. h8=Q a3 50. Qxd4+ c5 51. Qa1
Kb5 52. Qxa3 c4 53. Qc3 Kc5 54. g4 Kd5 55. g5 Ke6 56. g6 Ke7 57. g7 Kf7 58.
Qxc4+ Kxg7 59. Qf4 Kg6 60. Kf2 Kg7 61. Kf3 Kg6 62. Kg4 Kg7 63. Qf5 Kh6 64. Qf6+
Kh7 65. Kg5 Kg8 66. Qe7 Kh8 67. Kg6 Kg8 68. Qg7# 1-0

[Event "Junior Online 4NCL Division 5"]
[Site "online"]
[Date "2020.06.04"]
[Round "8.41"]
[White "Kasprzyk, Milosz"]
[Black "McIntyre, Jack"]
[Result "1-0"]
[WhiteElo "1405"]
[BlackElo "1376"]
[PlyCount "39"]
[EventDate "2020.06.04"]
[WhiteTeam "Hull and Friends 2"]
[BlackTeam "Gonzaga College SJ C"]

1. e4 g6 2. d4 Bg7 3. Nc3 d6 4. Nf3 a6 5. a4 c6 6. Bc4 Bg4 7. h3 Bc8 8. O-O Nd7
9. Bxf7+ Kxf7 10. Ng5+ Ke8 11. Ne6 Qb6 12. Nxg7+ Kf7 13. Nh5 gxh5 14. Qxh5+ Kf8
15. Rd1 Ngf6 16. Bh6+ Kg8 17. Qg5+ Kf7 18. Qg7+ Ke6 19. d5+ Ke5 20. Qg3# 1-0

[Event "Junior Online 4NCL Division 5"]
[Site "online"]
[Date "2020.06.04"]
[Round "8.42"]
[White "Burke, Hugh"]
[Black "Pointon, Natasha"]
[Result "1-0"]
[WhiteElo "977"]
[BlackElo "1165"]
[PlyCount "127"]
[EventDate "2020.06.04"]
[WhiteTeam "Gonzaga College SJ C"]
[BlackTeam "Hull and Friends 2"]

1. e4 e5 2. Nf3 Nc6 3. Bb5 Nf6 4. d3 Bc5 5. O-O d6 6. h3 Bd7 7. Re1 O-O 8. c3
a6 9. Ba4 Qe7 10. Nbd2 Rad8 11. Nf1 Rfe8 12. Be3 Bxe3 13. Nxe3 Be6 14. Bc2 d5
15. exd5 Nxd5 16. Nxd5 Bxd5 17. d4 Qf6 18. Be4 Bxe4 19. Rxe4 exd4 20. Rxe8+
Rxe8 21. Nxd4 Nxd4 22. Qxd4 Re6 23. Qxf6 Rxf6 24. Rd1 h6 25. Rd7 Rc6 26. f3 f6
27. Kf2 Kh7 28. Ke3 Rc5 29. Kd4 Ra5 30. Rxc7 Rxa2 31. Rxb7 a5 32. Kc4 a4 33.
Kd3 Ra1 34. Ra7 h5 35. c4 Kh6 36. Kc2 g5 37. c5 Re1 38. c6 Re8 39. Rxa4 Rc8 40.
Rc4 h4 41. b4 Kg7 42. b5 Kf7 43. b6 Ke7 44. b7 Rb8 45. c7 Rxb7 46. c8=Q Rd7 47.
Rc7 Rxc7+ 48. Qxc7+ Ke6 49. Qc5 Kf7 50. Kd3 Kg6 51. Ke4 f5+ 52. Qxf5+ Kh5 53.
Qa5 Kh6 54. f4 gxf4 55. Kxf4 Kg6 56. Qb5 Kh6 57. Kg4 Kg6 58. Qc6+ Kg7 59. Kf5
Kh7 60. Kg5 Kg7 61. Qd7+ Kg8 62. Kf6 Kh8 63. Kg6 Kg8 64. Qe8# 1-0

[Event "Junior Online 4NCL Division 5"]
[Site "online"]
[Date "2020.06.04"]
[Round "8.43"]
[White "Luckhurst, Isaac"]
[Black "O'Boyle, Emmet"]
[Result "0-1"]
[WhiteElo "1075"]
[BlackElo "887"]
[PlyCount "84"]
[EventDate "2020.06.04"]
[WhiteTeam "Hull and Friends 2"]
[BlackTeam "Gonzaga College SJ C"]

1. e4 c6 2. Bd3 d5 3. exd5 cxd5 4. Nf3 Nc6 5. O-O Nf6 6. Ng5 h6 7. Nf3 Bg4 8.
b3 e6 9. Bb2 Be7 10. b4 Nxb4 11. Bb5+ Nc6 12. Qe2 O-O 13. h3 Bh5 14. g4 Bg6 15.
Kh2 Qc7+ 16. Be5 Nxe5 17. Nxe5 Bd6 18. Kg2 Bxe5 19. Rh1 Be4+ 20. f3 Bg6 21. h4
Bxa1 22. Na3 Be5 23. h5 Bh7 24. Rb1 a6 25. Bd3 b5 26. Bxh7+ Nxh7 27. d4 Bxd4
28. Rd1 Bc5 29. Rd3 Bxa3 30. Rxa3 b4 31. Re3 a5 32. Rb3 Qc5 33. g5 Nxg5 34. f4
Ne4 35. Kh2 a4 36. Rb1 b3 37. cxb3 axb3 38. axb3 Nc3 39. Rg1 Nxe2 40. Rb1 Qf2+
41. Kh3 Nxf4+ 42. Kg4 f5# 0-1

[Event "Junior Online 4NCL Division 5"]
[Site "online"]
[Date "2020.06.04"]
[Round "8.45"]
[White "McIntyre, Jack"]
[Black "Kasprzyk, Milosz"]
[Result "0-1"]
[WhiteElo "1376"]
[BlackElo "1405"]
[PlyCount "92"]
[EventDate "2020.06.04"]
[WhiteTeam "Gonzaga College SJ C"]
[BlackTeam "Hull and Friends 2"]

1. e4 c5 2. d4 cxd4 3. c3 dxc3 4. Nxc3 Nc6 5. Nf3 d6 6. Bc4 Bg4 7. O-O Bxf3 8.
Qxf3 e6 9. Rd1 Ne5 10. Qg3 Nxc4 11. Bf4 e5 12. Bg5 f6 13. Bd2 Ne7 14. b3 Nxd2
15. Rxd2 Ng6 16. Nd5 Be7 17. Rc1 O-O 18. Rdc2 Nf4 19. Nc7 Rc8 20. Qg4 Rf7 21.
g3 Bf8 22. gxf4 Rfxc7 23. Qxc8 Qxc8 24. Rxc7 Qg4+ 25. Kf1 Qxf4 26. R1c4 Qxh2
27. Ke2 Qh5+ 28. f3 Qh2+ 29. Kd3 Qxa2 30. Rc2 Qxb3+ 31. R7c3 Qb5+ 32. Ke3 d5
33. Rc1 d4+ 34. Kd2 dxc3+ 35. Rxc3 Qb4 36. Kc2 Qa4+ 37. Rb3 Qa2+ 38. Rb2 Qc4+
39. Kb1 Qd3+ 40. Rc2 Qd1+ 41. Rc1 Qb3+ 42. Ka1 Ba3 43. Rb1 Qc3+ 44. Ka2 Qc2+
45. Kxa3 Qxb1 46. Ka4 a6 0-1

[Event "Junior Online 4NCL Division 5"]
[Site "online"]
[Date "2020.06.04"]
[Round "8.46"]
[White "Pointon, Natasha"]
[Black "Burke, Hugh"]
[Result "0-1"]
[WhiteElo "1165"]
[BlackElo "977"]
[PlyCount "70"]
[EventDate "2020.06.04"]
[WhiteTeam "Hull and Friends 2"]
[BlackTeam "Gonzaga College SJ C"]

1. e4 c5 2. Nf3 d6 3. Nc3 Nf6 4. d4 cxd4 5. Nxd4 a6 6. Bd3 e6 7. Be3 Be7 8. O-O
b5 9. Qd2 Bb7 10. Rfe1 O-O 11. a3 Nbd7 12. b4 d5 13. exd5 Nxd5 14. Nxd5 Bxd5
15. Rac1 Rc8 16. c3 Ne5 17. h3 Nxd3 18. Qxd3 Bc4 19. Qd2 Bf6 20. Rcd1 Qe7 21.
Qe2 Bxe2 22. Nxe2 Bxc3 23. Nxc3 Rxc3 24. Bd2 Rd3 25. Re3 Rxe3 26. Bxe3 Rd8 27.
Re1 Qc7 28. Bc1 h6 29. Bb2 Qc2 30. Ba1 Rd1 31. Rxd1 Qxd1+ 32. Kh2 Qxa1 33. g3
Qxa3 34. h4 Qxb4 35. Kh3 a5 0-1

[Event "Junior Online 4NCL Division 5"]
[Site "online"]
[Date "2020.06.04"]
[Round "8.47"]
[White "O'Boyle, Emmet"]
[Black "Luckhurst, Isaac"]
[Result "1-0"]
[WhiteElo "887"]
[BlackElo "1075"]
[PlyCount "27"]
[EventDate "2020.06.04"]
[WhiteTeam "Gonzaga College SJ C"]
[BlackTeam "Hull and Friends 2"]

1. e4 e5 2. f4 exf4 3. Nf3 Qe7 4. Nc3 Nf6 5. e5 Nh5 6. d4 Qd8 7. Bc4 Be7 8. O-O
c5 9. a3 cxd4 10. Nxd4 Bc5 11. Bxf4 g5 12. Qxh5 Bxd4+ 13. Kh1 Kf8 14. Qxf7# 1-0

[Event "Junior Online 4NCL Division 5"]
[Site "online"]
[Date "2020.06.04"]
[Round "8.51"]
[White "Deeke, James"]
[Black "Patel, Zain"]
[Result "0-1"]
[WhiteElo "1360"]
[BlackElo "1472"]
[PlyCount "120"]
[EventDate "2020.06.04"]
[WhiteTeam "Ojays G"]
[BlackTeam "Hammersmith 2"]

1. e4 c5 2. Nf3 d6 3. d4 cxd4 4. Nxd4 Nf6 5. Nc3 a6 6. f3 e6 7. Be3 b5 8. a3
Bb7 9. Qd2 Nbd7 10. O-O-O Be7 11. h4 O-O 12. h5 Rc8 13. g4 d5 14. g5 Ne8 15. g6
h6 16. gxf7+ Rxf7 17. Nxe6 Qa5 18. Nxd5 Qxd2+ 19. Rxd2 Bxd5 20. exd5 Rxf3 21.
Bd4 Nc7 22. Kb1 Bf6 23. Bxf6 Nxf6 24. Nxc7 Rxc7 25. d6 Rd7 26. Bh3 Rd8 27. Bg2
Rf4 28. Bb7 a5 29. Bc6 Rf5 30. d7 Rc5 31. Bb7 Rxd7 32. Rxd7 Nxd7 33. Rd1 Nf6
34. Rd8+ Kf7 35. Ra8 a4 36. Ba6 Nxh5 37. Ra7+ Kf6 38. Rb7 Nf4 39. Bxb5 Nd5 40.
Bxa4 h5 41. b4 Nc3+ 42. Kb2 Nxa4+ 43. Kb3 h4 44. bxc5 Nxc5+ 45. Kc3 Nxb7 46.
Kd3 h3 47. Ke3 h2 48. Kf2 h1=Q 49. Kg3 Qc6 50. Kg4 Qxc2 51. Kf4 Qa4+ 52. Ke3
Qxa3+ 53. Ke2 Ke5 54. Kf2 Qd3 55. Ke1 Qc2 56. Kf1 Qd2 57. Kg1 Qe2 58. Kh1 Kf4
59. Kg1 Kg3 60. Kh1 Qd1# 0-1